| 000 | 00690nam a22001937a 4500 | ||
|---|---|---|---|
| 003 | OSt | ||
| 005 | 20260512044232.0 | ||
| 008 | 260218b |||||||| |||| 00| 0 eng d | ||
| 020 | _a9789715848701 | ||
| 040 |
_aDWCL-Main Lib _cOC |
||
| 082 | _aProf. 378.01 G821 2009 | ||
| 100 | _aGregorio, Bienvenuido L. | ||
| 245 |
_aPeace and development education : _ban introduction to the love concepts in peace and development education for college students / _cGregorio, Bienvenuido L. |
||
| 260 |
_aQuezon City : _b C & E Publishing , _cc2009 |
||
| 300 |
_axi, 149 pages ; _c22 cm. |
||
| 504 | _a1. Includes references. | ||
| 650 | _aPeace education - Curricula. | ||
| 942 |
_2ddc _cPROF. _mProf. _n0 |
||
| 999 |
_c8436 _d8436 |
||